00925nam a2200253 i 4500003000900000005001700009007000300026008004100029020001800070040003000088082001400118245004400132264004700176300002500223336002700248337003300275338002800308490002600336590002800362910000700390942001400397952024300411999001700654DO-SdBNP20241010094933.0ta240410s2018 dr 000 p spa d a9781387886838 aDO-SdBNPbspacBNPHUerda bV422r22213aLa reacción Phillips /cMáximo Vega aSanto Domingo :bMediaisla Editores,c2018 a86 páginasc21 cm. 2rdacontentatextobtxt 2rdamediaasin mediaciónbn 2rdacarrieravolumenbnc aAndar de ciegos ;v16 aInventariado, 2024 / DG aDG 2ddccLBS1 00102ddc51708PDaBNPHUbBNPHUcCTd2024-10-10eDonado por la Presidencia de la República Dominicana 2023l0oBNPHU PD V422rp2024-5689r2024-10-10w2024-10-10yLBS1zPertenecio a la biblioteca personal de René Rodríguez Soriano c57807d57807